| 000 | 00481nam a22001697a 4500 | ||
|---|---|---|---|
| 003 | BD-ChCU | ||
| 005 | 20260122104620.0 | ||
| 008 | 260122b bg ||||| |||| 00| 0 ben d | ||
| 040 | _cBD-ChCU | ||
| 082 | _aREF 537 SUE | ||
| 100 |
_aSusskind , Charles . _919547 |
||
| 245 |
_aThe encyclopedia of electronics ./ _cCharles , Susskind |
||
| 260 |
_aNew York : _bReinhold , _cC 1962 |
||
| 300 | _axxi , 974p | ||
| 650 | 0 |
_aElectricity - Dictionaries . _919548 |
|
| 942 |
_2ddc _cBK _n0 |
||
| 999 |
_c111206 _d111206 |
||